Sexual harassment / (Record no. 342408)
[ view plain ]
| 000 -LEADER | |
|---|---|
| fixed length control field | 01383cam a2200337 a 4500 |
| 001 - CONTROL NUMBER | |
| control field | 4396014 |
| 003 - CONTROL NUMBER IDENTIFIER | |
| control field | NUST |
| 005 - DATE AND TIME OF LATEST TRANSACTION | |
| control field | 20171226114456.0 |
| 008 - FIXED-LENGTH DATA ELEMENTS--GENERAL INFORMATION | |
| fixed length control field | 920727s1992 caua b 001 0 eng |
| 010 ## - LIBRARY OF CONGRESS CONTROL NUMBER | |
| LC control number | 92023593 |
| 020 ## - INTERNATIONAL STANDARD BOOK NUMBER | |
| International Standard Book Number | 1565100204 (pbk. : acidfree paper) |
| 020 ## - INTERNATIONAL STANDARD BOOK NUMBER | |
| International Standard Book Number | 1565100212 (lib. bdg. : acidfree paper) |
| 040 ## - CATALOGING SOURCE | |
| Original cataloging agency | DLC |
| Transcribing agency | DLC |
| Modifying agency | DLC |
| -- | OCoLC |
| 043 ## - GEOGRAPHIC AREA CODE | |
| Geographic area code | n-us--- |
| 050 00 - LIBRARY OF CONGRESS CALL NUMBER | |
| Classification number | HD6060.3 |
| Item number | .S47 1992 |
| 082 00 - DEWEY DECIMAL CLASSIFICATION NUMBER | |
| Classification number | 331.4133 |
| Author Mark | SEX |
| 245 00 - TITLE STATEMENT | |
| Title | Sexual harassment / |
| Statement of responsibility, etc. | Carol Wekesser, senior editor ; Karin L. Swisher, book editor ; Christina Pierce, assistant editor. |
| 260 ## - PUBLICATION, DISTRIBUTION, ETC. | |
| Place of publication, distribution, etc. | San Diego, CA : |
| Name of publisher, distributor, etc. | Greenhaven Press, |
| Date of publication, distribution, etc. | 1992. |
| 300 ## - PHYSICAL DESCRIPTION | |
| Extent | 208 p. ; |
| Other physical details | ill. ; |
| Dimensions | 25 cm. |
| 440 #0 - SERIES STATEMENT/ADDED ENTRY--TITLE | |
| Title | Current controversies |
| 9 (RLIN) | 7607 |
| 504 ## - BIBLIOGRAPHY, ETC. NOTE | |
| Bibliography, etc. note | Includes bibliographical references (p. 201-202) and index. |
| 650 #0 - SUBJECT ADDED ENTRY--TOPICAL TERM | |
| Topical term or geographic name entry element | Sexual harassment of women |
| Geographic subdivision | United States. |
| 9 (RLIN) | 7608 |
| 650 #0 - SUBJECT ADDED ENTRY--TOPICAL TERM | |
| Topical term or geographic name entry element | Sexual harassment of women |
| General subdivision | Law and legislation |
| Geographic subdivision | United States. |
| 9 (RLIN) | 7609 |
| 700 1# - ADDED ENTRY--PERSONAL NAME | |
| Personal name | Wekesser, Carol, |
| Dates associated with a name | 1963- |
| 9 (RLIN) | 7610 |
| 700 1# - ADDED ENTRY--PERSONAL NAME | |
| Personal name | Swisher, Karin, |
| Dates associated with a name | 1966- |
| 9 (RLIN) | 7611 |
| 700 1# - ADDED ENTRY--PERSONAL NAME | |
| Personal name | Pierce, Christina. |
| 9 (RLIN) | 7612 |
| 906 ## - LOCAL DATA ELEMENT F, LDF (RLIN) | |
| a | 7 |
| b | cbc |
| c | orignew |
| d | 1 |
| e | ocip |
| f | 19 |
| g | y-gencatlg |
| 942 ## - ADDED ENTRY ELEMENTS (KOHA) | |
| Source of classification or shelving scheme | |
| Koha item type | Book |
| Withdrawn status | Lost status | Source of classification or shelving scheme | Damaged status | Not for loan | Permanent Location | Current Location | Shelving location | Date acquired | Total Checkouts | Total Renewals | Full call number | Barcode | Date last seen | Date last checked out | Copy number | Price effective from | Koha item type |
|---|---|---|---|---|---|---|---|---|---|---|---|---|---|---|---|---|---|
| Central Library (CL) | Central Library (CL) | Fiction | 12/26/2017 | 1 | 1 | 331.4133 SEX | CL3471 | 06/25/2018 | 05/16/2018 | 1 | 12/26/2017 | Book |
